| 000 | 01409nam a2200325 i 4500 | ||
|---|---|---|---|
| 003 | EG-ScBUE | ||
| 005 | 20230816101730.0 | ||
| 008 | 170712s2013 ua f b 000 0dara d | ||
| 017 | _a2013 / 3068 | ||
| 020 | _a9789777182010 | ||
| 040 |
_aEG-ScBUE _bara _erda _cEG-ScBUE _dEG-ScBUE |
||
| 082 | 0 | 4 |
_a907.202 _bق ا س _222 |
| 245 | 0 | 0 |
_aقاسم عبده قاسم بين التاريخ والأدب الشعبي : _bمجموعة أبحاث ودراسات مهداة إلى المؤرخ قاسم عبده قاسم بمناسبة بلوغه السبعين عاما / _cتحرير عمرو عبد العزيز منير. |
| 264 | 1 |
_aالقاهرة : _bالمجلس الأعلى للثقافة، _c2013. |
|
| 300 |
_a505 صفحة : _bإيضاحيات ؛ _c24 سم |
||
| 336 |
_2rdacontent _aنص _btxt |
||
| 337 |
_2rdamedia _aبدون وسيط _bn |
||
| 338 |
_2rdacarrier _aمجلد _bnc |
||
| 504 | _aيشتمل على إرجاعات ببليوجرافية. | ||
| 590 | _aدعاء | ||
| 600 | 7 |
_aقاسم، قاسم عبده. _2BUEsh |
|
| 650 | 7 |
_aالمؤرخون المصريون _vتراجم. _2BUEsh |
|
| 650 | 7 |
_aالأدب الشعبي العربي. _2BUEsh _916863 |
|
| 650 | 7 |
_aالتأريخ. _2BUEsh |
|
| 650 | 7 |
_aالتاريخ _xفلسفة. _2BUEsh _916316 |
|
| 653 |
_bGGEN _cJuly2017 |
||
| 655 | _vReading book | ||
| 700 | 1 |
_aمنير، عمرو عبد العزيز، _eمحرر. |
|
| 942 | _2ddc | ||
| 999 |
_c25037 _d25009 |
||